| 000 | 00438nam a22001697a 4500 | ||
|---|---|---|---|
| 003 | MPLRDC | ||
| 005 | 20220104123305.0 | ||
| 008 | 210129b ||||| |||| 00| 0 eng d | ||
| 082 | _a857.621 KXHX v.2 c.2 | ||
| 100 | _a儒勒. 凡尔纳 | ||
| 245 |
_a隐身人魔 _c杜渐译 |
||
| 260 |
_a _b明天出版社 _c1981 |
||
| 300 | _b平 | ||
| 490 | _a科学幻想小说文库 | ||
| 650 | _a科幻小说 | ||
| 942 |
_cBK _o857.621 KXHX v.2 c.2 |
||
| 999 |
_c10113 _d10103 |
||